000 00537nam a2200169Ia 4500
003 IN-BaIIA
008 211028s9999 xx 000 0 eng d
040 _cIIA Library
080 _a514.742
_bWEA
100 _aWeatherburn, C. E
_91704
245 0 _aAdvanced vector analysis
_bwith applications to mathematical physics
_cC. E. Weatherburn
260 _aLondon
_bG.Bell and Sons
_c1949
300 _av, 222p.
490 _aBell's mathematical series
650 _aVector analysis
_91705
942 _cBK
999 _c792
_d792